00802nam a2200193Ia 4500003000400000005001700004008004100021040000900062082001700071100003000088245006100118260006200179300000900241650001300250942004000263952014500303952014500448999001500593OSt20201009114747.0190216s9999||||xx |||||||||||||| ||und|| coclc a657.1bKOR/C aKoroth, Abdul Assis91079 0aComputerised Accounting With Tally /cAbdul Assis Koroth bCalicut University Central Co-Operative,aCalicut:c2007. a340p aComputer cBK2ddch657.1iKOR/Ck657.1mKOR/C 00102ddc40708ACCOUNTINGaMESbMEScACCOUNTINGd2019-02-20g100.00l0o657.1 KOR/Cp34306r2019-02-20 00:00:00t2w2019-02-20yBKzGL56R2 00102ddc40708ACCOUNTINGaMESbMEScACCOUNTINGd2019-02-20g100.00l0o657.1 KOR/Cp34307r2019-02-20 00:00:00t3w2019-02-20yBKzGL56R2 c8995d8995